书目信息 |
| 题名: |
中国古典诗词精品赏读
|
|
| 作者: | 武略 编著 | |
| 分册: | 李商隐 | |
| 出版信息: | 北京 五洲传播出版社 2005 |
|
| 页数: | 133页 | |
| 开本: | 23cm | |
| 丛书名: | ||
| 单 册: | ||
| 中图分类: | I207.2 , I207.227.424 | |
| 科图分类: | ||
| 主题词: | 古典诗歌--鉴赏--中国 , 唐诗 , 古典诗歌 | |
| 电子资源: | ||
| ISBN: | 7-5085-0794-0 | |
| 000 | 00979nam0 2200277 450 | |
| 001 | 003038357 | |
| 005 | 20070804111822.04 | |
| 010 | @a7-5085-0794-0@dCNY28.00 | |
| 100 | @a20050119d2005 em y0chiy0110 ea | |
| 101 | 0 | @achi |
| 102 | @aCN@b110000 | |
| 105 | @aa z 000yy | |
| 200 | 1 | @a中国古典诗词精品赏读@9zhong guo gu dian shi ci jing pin shang du@i李商隐@f武略编著 |
| 210 | @a北京@c五洲传播出版社@d2005 | |
| 215 | @a133页@c图@d23cm | |
| 330 | @a本书包括诗人小传与作品赏析两部分,收入唐代诗人李商隐的作品,每首作品的鉴赏分为题解、句解和评解三个章节,并配以当代画家根据诗词意境绘制的中国画,通过这些诗、画,可以更深刻地领悟到中国古代艺术作品中的诗情画意。 | |
| 600 | 0 | @a李商隐@f(812~约858) |
| 600 | 0 | @a李商隐@f(812~约858)@x唐诗@x鉴赏 |
| 606 | 0 | @a古典诗歌@x鉴赏@y中国 |
| 606 | 0 | @a唐诗 |
| 606 | 0 | @a古典诗歌 |
| 690 | @aI207.2@v4 | |
| 690 | @aI207.227.424@v4 | |
| 701 | 0 | @a武略@9wu lüe@4编著 |
| 801 | 0 | @aCN@bNLC@c20070804 |
| 905 | @a10447@dI207.2@e767 | |
| 中国古典诗词精品赏读.李商隐/武略编著.-北京:五洲传播出版社,2005 |
| 133页:图;23cm |
| ISBN 7-5085-0794-0:CNY28.00 |
| 本书包括诗人小传与作品赏析两部分,收入唐代诗人李商隐的作品,每首作品的鉴赏分为题解、句解和评解三个章节,并配以当代画家根据诗词意境绘制的中国画,通过这些诗、画,可以更深刻地领悟到中国古代艺术作品中的诗情画意。 |
| ● |
| 相关链接 |
|
|
|
|
正题名:中国古典诗词精品赏读
索取号:I207.2/767
 
预约/预借
| 序号 | 登录号 | 条形码 | 馆藏地/架位号 | 状态 | 备注 |
| 1 | 0804042 | 208040421 | 第一样本阅览室/ [索取号:I207.2/767] | 在馆 | |
| 2 | 0804043 | 208040430 | 第二借阅区/ [索取号:I207.2/767] | 在馆 | |
| 3 | 0804044 | 208040449 | 第二借阅区/ [索取号:I207.2/767] | 在馆 | |
| 4 | 0804045 | 208040458 | 第二借阅区/ [索取号:I207.2/767] | 在馆 | |
| 5 | 0804046 | 208040467 | 第二借阅区/ [索取号:I207.2/767] | 在馆 | |
| 6 | 0804047 | 208040476 | 第二借阅区/ [索取号:I207.2/767] | 在馆 | |
| 7 | 0804048 | 208040485 | 第二借阅区/ [索取号:I207.2/767] | 在馆 | |
| 8 | 0804049 | 208040494 | 第二借阅区/ [索取号:I207.2/767] | 在馆 | |
| 9 | 0804050 | 208040500 | 第二借阅区/ [索取号:I207.2/767] | 在馆 | |
| 10 | 0804051 | 208040519 | 第二借阅区/ [索取号:I207.2/767] | 在馆 |